[Event "SUI-ch Seniors"]
[Site "Bern"]
[Date "2014.09.30"]
[Round "3"]
[White "Kuert, Christoph F"]
[Black "Huss, Benjamin"]
[Result "0-1"]
[WhiteElo "2043"]
[BlackElo "2110"]
[PlyCount "48"]
[EventDate "2014.09.28"]
[EventType "tourn"]
[EventRounds "7"]
[EventCountry "SUI"]
[SourceTitle "EXT 2016"]
[Source "ChessBase"]
[SourceDate "2015.10.08"]
[SourceVersion "1"]
[SourceVersionDate "2015.10.08"]
[SourceQuality "1"]

1. e4 c5 2. Nf3 g6 3. d4 cxd4 4. Nxd4 Bg7 5. Nc3 Nc6 6. Be3 Nf6 7. Bc4 0-0 8. Bb3 Ng4 9. Qxg4 Nxd4 10. Qd1 Nc6 11. Qd2 Qa5 12. 0-0-0 Bxc3 13. bxc3 Qa3+ 14. Kb1 a5 15. Bh6 a4 16. Bd5 Ra6 17. Ka1 Rd8 18. Rb1 e6 19. Bc4 Ra5 20. Rhe1 Rc5 21. Bb5 Na7 22. Qd4 e5 23. Bc1 exd4 24. Bxa3 Rxb5 0-1

[Event "Biel MTO op 40th"]
[Site "Biel"]
[Date "2007.07.23"]
[Round "1"]
[White "Beshukov, Sergei"]
[Black "Kuert, Christoph F"]
[Result "1-0"]
[WhiteElo "2458"]
[BlackElo "2116"]
[PlyCount "61"]
[EventDate "2007.07.23"]
[EventType "swiss"]
[EventRounds "11"]
[EventCountry "SUI"]
[SourceTitle "CBM 119 Extra"]
[Source "ChessBase"]
[SourceDate "2007.09.04"]
[SourceVersion "1"]
[SourceVersionDate "2007.09.04"]
[SourceQuality "1"]

1. e4 e5 2. Bc4 Nf6 3. d3 c6 4. Nf3 Be7 5. 0-0 d6 6. h3 0-0 7. Bb3 Nbd7 8. c3 Qc7 9. Re1 d5 10. Nbd2 Nc5 11. Bc2 dxe4 12. dxe4 Rd8 13. Qe2 b6 14. Nc4 Nfd7 15. Nh2 Ne6 16. Ng4 f6 17. Nce3 Nf4 18. Qc4+ Kh8 19. Nf5 Nc5 20. Bxf4 Be6 21. Bh6 gxh6 22. Qe2 Rg8 23. b4 Nb7 24. Ngxh6 Rg6 25. Bb3 Nd8 26. Bxe6 Nxe6 27. Qc4 Bf8 28. Qxe6 Bxh6 29. Rad1 Rd8 30. Qe7 Rxd1 31. Rxd1 1-0